| 000 | 00736nam a22001937a 4500 | ||
|---|---|---|---|
| 999 |
_c15455 _d15455 |
||
| 003 | AR-CdUCM | ||
| 008 | 190427b ||||| |||| 00| 0 spa d | ||
| 040 |
_aMUNICIPALIDAD PROVINCIAL DEL CUSCO _cBIBLIOTECA MUNICIPAL DEL CUSCO |
||
| 082 |
_a373 / _bF82 |
||
| 100 |
_aFreeman, Frank N. _934533 |
||
| 245 | _aLa pedagogía científica / | ||
| 260 |
_aBuenos Aires : _bLosada, _c1944. |
||
| 300 |
_a290 paginas ; _c20 cm. |
||
| 505 | _aContenido :Los métodos generales de enseñanza --El estudio científico del programa escolar --Clasificación ,promoción,calificación y certificación de los alumnos / | ||
| 650 |
_aPedagogía experimental _912230 |
||
| 650 |
_aAlumnos _912578 |
||
| 942 |
_2ddc _cLIBROS |
||
| 945 |
_arjall _d2019-04-27 |
||